000 00783nam a22002177a 4500
005 20100818161812.0
010 _aENG-100845
020 _a8190749137
_c50.00
020 _a9788190749138
_c50.00
035 _aEN-84378
037 _bDBAD/PUB
082 _a005.754
100 _aManikandan, A.
_914999
245 _aWeb technology /
_cby A. Manikandan
260 _aKaveripattinam
_bBharthi & Bharthi Publishers
_c2008
270 _a1/300, Second Cross, TNHB, Krishnagiri Dt.
_bKaveripattinam
_e635112
300 _a74p.
_c21cm (pbk)
500 _aIncludes bibliographical references
942 _2ddc
_cEN
_h005.754
_mMAN
999 _c42497
_d42497